[Event "Barbera del Valles"]
[Site "XXXI Open del Valles"]
[Date "2008.07.11"]
[Round "7"]
[White "Ortega Serra, Marc"]
[Black "Moreto Quintana, Alex"]
[Result "0-1"]
[WhiteElo "1974"]
[BlackElo "2124"]
[PlyCount "126"]
[EventDate "2008.07.??"]
[EventType "swiss"]
[EventRounds "9"]
[EventCountry "ESP"]
[SourceDate "2008.07.04"]

1. d4 Nf6 2. c4 e6 3. Nf3 d5 4. e3 Be7 5. Nc3 O-O 6. Bd3 Nbd7 7. O-O b6 8. e4
dxe4 9. Nxe4 Bb7 10. Ng3 c5 11. Be3 cxd4 12. Bxd4 Nc5 13. Bxc5 Bxc5 14. Qe2 Qc7
15. Ng5 Qf4 16. N3e4 Nxe4 17. Bxe4 Bxe4 18. Nxe4 Bd4 19. Rad1 Bxb2 20. g3 Qf5
21. Nd6 Qe5 22. Rfe1 Qxe2 23. Rxe2 Bf6 24. Ne4 Be7 25. Rd7 Rfe8 26. Red2 Kf8
27. Nd6 Red8 28. Nb5 a6 29. Nc7 Rxd7 30. Rxd7 Rc8 31. Nxa6 Rxc4 32. Rb7 Bd8 33.
Nb8 Rc7 34. Rxc7 Bxc7 35. Nc6 Ke8 36. Kf1 Kd7 37. Nd4 e5 38. Nf3 f6 39. Ke2 Kc6
40. Kd3 f5 41. Ng5 h6 42. Ne6 g6 43. h4 Bd6 44. Nd8+ Kd7 45. Nf7 Ke6 46. Nd8+
Ke7 47. Nc6+ Kd7 48. Na7 Bc5 49. Ke2 Ke6 50. Nc6 Kd5 51. Nd8 Be7 52. Nf7 Ke6
53. Nxh6 Bf8 54. Nxf5 Kxf5 55. f3 e4 56. Ke3 Bc5+ 57. Ke2 b5 58. fxe4+ Kg4 59.
Kd3 Kxg3 60. e5 Kxh4 61. Ke4 g5 62. Kd5 Bf8 63. Kc6 b4 0-1

[Event "Barbera del Valles"]
[Site "XXXI Open del Valles"]
[Date "2008.07.11"]
[Round "7"]
[White "Companyo Pagerols, Josep Maria"]
[Black "Bardera Gil, Sergi"]
[Result "1-0"]
[WhiteElo "2090"]
[BlackElo "2101"]
[PlyCount "111"]
[EventDate "2008.07.??"]
[EventType "swiss"]
[EventRounds "9"]
[EventCountry "ESP"]
[SourceDate "2008.07.04"]

1. e4 c5 2. d4 cxd4 3. c3 dxc3 4. Nxc3 Nc6 5. Bc4 e6 6. Bf4 d6 7. Nf3 a6 8. O-O
Be7 9. Qe2 Nf6 10. Rfd1 Qc7 11. Rac1 O-O 12. Bb3 b5 13. Nd5 Qb7 14. Nxe7+ Nxe7
15. Bxd6 Re8 16. e5 Nfd5 17. Ng5 h6 18. Ne4 Nf4 19. Qe3 Ned5 20. Qf3 a5 21. Qg4
Kh8 22. g3 Ng6 23. Qf3 Re7 24. Bxe7 Qxe7 25. Qh5 Bb7 26. Nd6 Rb8 27. Bc2 Kh7
28. Qe2 Ba8 29. Be4 Kg8 30. f4 Qa7+ 31. Qf2 Qe7 32. Rc5 Qd7 33. Rdc1 Nge7 34.
Qe2 Qa7 35. Kg2 b4 36. Kh3 Nc3 37. Qc4 Bxe4 38. Nxe4 Ncd5 39. Nd6 Qa8 40. Rb5
Rf8 41. Rb7 Nf5 42. Qc6 Nxd6 43. exd6 Qd8 44. d7 Qf6 45. Qd6 Qf5+ 46. Kg2 Qe4+
47. Kf2 Qd4+ 48. Kf3 Qd3+ 49. Kf2 Qe3+ 50. Kg2 Qd2+ 51. Kh3 Nxf4+ 52. Qxf4 Qd5
53. Rc8 Qh5+ 54. Kg2 Qd5+ 55. Qf3 Qd2+ 56. Kh3 1-0

[Event "Barbera del Valles"]
[Site "XXXI Open del Valles"]
[Date "2008.07.12"]
[Round "8"]
[White "Bruzon Batista, Lazaro"]
[Black "Matnadze, Ana"]
[Result "1-0"]
[WhiteElo "2592"]
[BlackElo "2411"]
[PlyCount "77"]
[EventDate "2008.07.??"]
[EventType "swiss"]
[EventRounds "9"]
[EventCountry "ESP"]

1. e4 c5 2. Nf3 d6 3. d4 cxd4 4. Nxd4 Nf6 5. Nc3 Nc6 6. Bg5 e6 7. Qd2 Qb6 8.
Bxf6 gxf6 9. Nb3 a6 10. O-O-O h5 11. f4 h4 12. Be2 Bd7 13. Rhf1 O-O-O 14. Kb1
Kb8 15. Rf3 Be8 16. Bf1 Be7 17. Qe1 f5 18. exf5 d5 19. Rfd3 Rh6 20. a3 Rf6 21.
fxe6 fxe6 22. Na4 Qg1 23. g3 Qxh2 24. Nbc5 Bxc5 25. Nxc5 hxg3 26. Rb3 Ka8 27.
Rxb7 Qg1 28. Nxe6 Rxe6 29. Qxe6 g2 30. Qe2 gxf1=Q 31. Rxf1 Qc5 32. Qxa6+ Na7
33. Re1 Ba4 34. Ree7 Bxc2+ 35. Ka2 Qc4+ 36. Qxc4 dxc4 37. Rxa7+ Kb8 38. Reb7+
Kc8 39. Ra8+ 1-0

[Event "Barbera del Valles"]
[Site "XXXI Open del Valles"]
[Date "2008.07.12"]
[Round "8"]
[White "Corrales Jimenez, Fidel"]
[Black "Narciso Dublan, Marc"]
[Result "1-0"]
[WhiteElo "2504"]
[BlackElo "2525"]
[PlyCount "77"]
[EventDate "2008.07.??"]
[EventType "swiss"]
[EventRounds "9"]
[EventCountry "ESP"]

1. e4 e5 2. Nf3 Nc6 3. Bb5 g6 4. c3 a6 5. Ba4 Bg7 6. d4 exd4 7. cxd4 Nge7 8. d5
b5 9. Bc2 Na5 10. Nc3 d6 11. O-O O-O 12. h3 Bb7 13. Rb1 Rc8 14. Bg5 h6 15. Bf4
Nc4 16. Nd4 c6 17. dxc6 Nxc6 18. Nxc6 Rxc6 19. Bb3 Nxb2 20. Rxb2 Rxc3 21. Bxd6
Re8 22. e5 Qg5 23. f4 Qf5 24. Re2 Qd3 25. Bb4 Bf8 26. Bxc3 Qxc3 27. Qd7 Re7 28.
Qg4 Kh7 29. Rd1 Qc5+ 30. Kh2 Bc8 31. e6 h5 32. Qh4 Bxe6 33. Bxe6 fxe6 34. Re5
Qc7 35. Rde1 Rf7 36. Kh1 Bd6 37. Rxe6 Bxf4 38. Re7 Qc4 39. Rxf7+ 1-0

[Event "Barbera del Valles"]
[Site "XXXI Open del Valles"]
[Date "2008.07.12"]
[Round "8"]
[White "Barsov, Alexei"]
[Black "Gonzalez Vidal, Yuri"]
[Result "1/2-1/2"]
[WhiteElo "2481"]
[BlackElo "2464"]
[PlyCount "49"]
[EventDate "2008.07.??"]
[EventType "swiss"]
[EventRounds "9"]
[EventCountry "ESP"]

1. d4 Nf6 2. Nf3 e6 3. c4 b6 4. g3 Ba6 5. b3 Bb4+ 6. Bd2 Be7 7. Nc3 O-O 8. Rc1
d5 9. cxd5 Nxd5 10. Bg2 Nxc3 11. Bxc3 Nd7 12. O-O Rc8 13. Rc2 Bb7 14. Qa1 Nf6
15. Rd1 Be4 16. Rcc1 Qd5 17. Ne1 Bxg2 18. Nxg2 Rfd8 19. Nf4 Qb5 20. Qb2 c5 21.
a4 Qc6 22. dxc5 Rxd1+ 23. Rxd1 Qxc5 24. Nd3 Qd5 25. Rc1 1/2-1/2

[Event "Barbera del Valles"]
[Site "XXXI Open del Valles"]
[Date "2008.07.12"]
[Round "8"]
[White "Perez Mitjans, Orelvis"]
[Black "Pap, Misa"]
[Result "0-1"]
[WhiteElo "2441"]
[BlackElo "2495"]
[PlyCount "144"]
[EventDate "2008.07.??"]
[EventType "swiss"]
[EventRounds "9"]
[EventCountry "ESP"]

1. e4 c5 2. Nf3 Nc6 3. Bb5 g6 4. c3 a6 5. Bxc6 dxc6 6. O-O Bg7 7. h3 e5 8. d3
Qe7 9. Be3 Nf6 10. Nbd2 O-O 11. Nc4 Rd8 12. Qc2 Nh5 13. a4 h6 14. a5 Rb8 15.
Nb6 Be6 16. Na4 Qf6 17. Nh2 Nf4 18. Nxc5 Bxh3 19. Bxf4 exf4 20. f3 Bf8 21. b4
Bxc5+ 22. bxc5 Qg5 23. d4 h5 24. Rab1 h4 25. Rb6 Bc8 26. Rfb1 Ra8 27. Qf2 Kg7
28. c4 h3 29. d5 Rh8 30. R6b2 hxg2 31. Qd4+ Kg8 32. Rxg2 Qd8 33. e5 Bh3 34. Re2
Qg5+ 35. Kh1 Rd8 36. e6 Bxe6 37. Rg1 Qh5 38. Qxf4 cxd5 39. Qf6 Qh4 40. Rg5 Rd7
41. cxd5 Rxd5 42. Rxg6+ Kf8 43. Qg7+ Ke8 44. Rg1 Kd8 45. Qb2 Qh5 46. Reg2 Rd7
47. Qb6+ Ke7 48. Qb4 Qxf3 49. c6+ Kd8 50. Qb6+ Ke7 51. Qb4+ Kd8 52. Qb6+ Ke7
53. Qb4+ Rd6 54. Qxb7+ Rd7 55. Qb4+ Rd6 56. Qb7+ Ke8 57. Qb8+ Rd8 58. Qe5 Rh5
59. Qc7 Rc8 60. Qd6 Rxc6 61. Qb8+ Rc8 62. Qd6 Rd8 63. Qc7 Rc8 64. Qd6 Qd5 65.
Qf4 Rc4 66. Qb8+ Rc8 67. Qf4 Rc4 68. Qb8+ Kd7 69. Rb1 Rc7 70. Re1 Rg5 71. Nf3
Qxf3 72. Rd1+ Qxd1+ 0-1

[Event "Barbera del Valles"]
[Site "XXXI Open del Valles"]
[Date "2008.07.12"]
[Round "8"]
[White "Asis Gargatagli, Hipolit"]
[Black "Fluvia Poyatos, Jordi"]
[Result "0-1"]
[WhiteElo "2396"]
[BlackElo "2500"]
[PlyCount "112"]
[EventDate "2008.07.??"]
[EventType "swiss"]
[EventRounds "9"]
[EventCountry "ESP"]

1. c4 Nf6 2. Nc3 d5 3. cxd5 Nxd5 4. g3 c5 5. Bg2 Nc7 6. Qa4+ Bd7 7. Qc4 Nc6 8.
Nf3 e5 9. O-O Be7 10. e3 O-O 11. Rd1 b5 12. Qe2 b4 13. Nb1 Bg4 14. h3 Bh5 15.
d3 f5 16. Nbd2 Bf6 17. Nb3 Ne6 18. Qc2 Qe7 19. Bd2 Rac8 20. Rac1 a5 21. Qc4 Kh8
22. g4 Bg6 23. gxf5 Bxf5 24. a3 a4 25. Nxc5 Na5 26. Qxb4 Nxc5 27. Qxa5 Nb3 28.
Rxc8 Nxa5 29. Rxf8+ Qxf8 30. Bxa5 Qc8 31. Bc3 Bxh3 32. Bxe5 Qg4 33. Bg3 h5 34.
Rc1 Bxg2 35. Kxg2 Bxb2 36. Rc4 Qd7 37. Rb4 Bxa3 38. Ne5 Qa7 39. Rb8+ Kh7 40.
Nc4 Be7 41. Rb5 h4 42. Bxh4 Bxh4 43. Rh5+ Kg8 44. Rxh4 a3 45. Nxa3 Qxa3 46. Rd4
Kf7 47. Rf4+ Kg6 48. d4 Qd3 49. Kg3 Qd1 50. Kg2 Kh5 51. Rf3 g5 52. Rh3+ Kg4 53.
Rg3+ Kf5 54. Rf3+ Ke4 55. Rf8 Qg4+ 56. Kh2 Kd3 0-1

[Event "Barbera del Valles"]
[Site "XXXI Open del Valles"]
[Date "2008.07.12"]
[Round "8"]
[White "Ipatov, Alexander"]
[Black "Czakon, Jakub"]
[Result "0-1"]
[WhiteElo "2433"]
[BlackElo "2510"]
[PlyCount "94"]
[EventDate "2008.07.??"]
[EventType "swiss"]
[EventRounds "9"]
[EventCountry "ESP"]

1. d4 Nf6 2. c4 e6 3. Nf3 b6 4. e3 Bb7 5. Nc3 d5 6. cxd5 exd5 7. Bb5+ c6 8. Bd3
Nbd7 9. O-O Be7 10. b3 O-O 11. Bb2 Bd6 12. Rc1 Qe7 13. Qe2 Rae8 14. Rfd1 Ne4
15. Ba6 Ba8 16. Nxe4 Qxe4 17. Bd3 Qg4 18. Qc2 f5 19. Re1 Re6 20. h3 Qh5 21. Bc3
Bb7 22. a4 c5 23. a5 $11 Rg6 24. Kh1 Rff6 25. Qd1 Rf8 26. axb6 axb6 27. Be2 Qh6
28. Bd2 Nf6 29. e4 f4 30. e5 Ne4 31. Rf1 Be7 32. Nh2 Bc8 33. Bf3 Bxh3 34. gxh3
Qxh3 35. Bg4 Qh4 36. f3 Rh6 37. Bxf4 Rxf4 38. Rc2 Ng3+ 39. Kg1 Nxf1 40. Qxf1
Rxd4 41. Qa1 Qg3+ 42. Rg2 Qxe5 43. Qa8+ Bf8 44. Nf1 Rd1 45. Qc8 Rf6 46. Rf2 h5
47. f4 Rxf1+ 0-1

[Event "Barbera del Valles"]
[Site "XXXI Open del Valles"]
[Date "2008.07.12"]
[Round "8"]
[White "Rojas, Luis"]
[Black "Cuartas, Jaime Alexander"]
[Result "1/2-1/2"]
[WhiteElo "2406"]
[BlackElo "2495"]
[PlyCount "115"]
[EventDate "2008.07.??"]
[EventType "swiss"]
[EventRounds "9"]
[EventCountry "ESP"]

1. e4 c6 2. Nc3 d5 3. Nf3 Bg4 4. h3 Bxf3 5. Qxf3 Nf6 6. g3 e6 7. Bg2 Nbd7 8.
O-O dxe4 9. Nxe4 Nxe4 10. Qxe4 Nf6 11. Qe2 Be7 12. b3 O-O 13. Bb2 Qa5 14. a3
Rfd8 15. d4 Qc7 16. Rad1 Nd7 17. c4 Bf6 18. d5 exd5 19. cxd5 cxd5 20. Rxd5 Bxb2
21. Qxb2 Nf6 22. Rb5 Rab8 23. Rc1 Qd7 24. Rbc5 Rbc8 25. Qe5 Rxc5 26. Qxc5 b6
27. Qc7 h6 28. a4 Qxc7 29. Rxc7 Rd7 30. Rc8+ Kh7 31. Bf1 Ne4 32. Rc2 Nd2 33.
Rc3 Nxf1 34. Kxf1 Re7 35. f4 f5 36. Kf2 Re4 37. Rc4 Re7 38. b4 Kg6 39. g4 Kf6
40. Kf3 g6 41. Rc6+ Re6 42. g5+ hxg5 43. fxg5+ Kf7 44. b5 Re4 45. Rc7+ Re7 46.
Rc4 Ke6 47. Rc6+ Kf7 48. a5 bxa5 49. Ra6 Rb7 50. Rxa5 Ke6 51. Kf4 Re7 52. Ra6+
Kf7 53. h4 Rb7 54. Ra5 Re7 55. Kf3 Kg7 56. Ra4 Rb7 57. Ra5 Re7 58. Ra4 1/2-1/2

[Event "Barbera del Valles"]
[Site "XXXI Open del Valles"]
[Date "2008.07.12"]
[Round "8"]
[White "Debray, Tristan"]
[Black "Mihailovs, Jurijs"]
[Result "1/2-1/2"]
[WhiteElo "2145"]
[BlackElo "2388"]
[PlyCount "108"]
[EventDate "2008.07.??"]
[EventType "swiss"]
[EventRounds "9"]
[EventCountry "ESP"]

1. e4 c5 2. Nc3 a6 3. g3 b5 4. Bg2 Bb7 5. d3 e6 6. Nf3 Nf6 7. e5 Nd5 8. Ne4 Qc7
9. O-O h6 10. Re1 Nc6 11. c4 Nb6 12. b3 Be7 13. Bb2 Rg8 14. Qd2 g5 15. g4 bxc4
16. dxc4 Rg6 17. Nd6+ Kf8 18. Rad1 Rd8 19. Ba3 f6 20. Bxc5 Ba8 21. Qe3 Nc8 22.
Nxc8 Rxc8 23. Bxe7+ Kxe7 24. Qc5+ Kf7 25. exf6 Rxf6 26. Ne5+ Nxe5 27. Qxc7 Rxc7
28. Rxe5 Bxg2 29. Kxg2 Ke7 30. Ra5 Rc6 31. c5 Rf4 32. f3 e5 33. Rd6 Rxc5 34.
Rxc5 Kxd6 35. Ra5 e4 36. fxe4 Rxg4+ 37. Kf3 Rf4+ 38. Kg3 Rxe4 39. Rxa6+ Ke5 40.
Rxh6 d5 41. Rh5 Kf5 42. Rh8 Re2 43. Rd8 Ke4 44. Re8+ Kd3 45. Rxe2 Kxe2 46. a4
d4 47. a5 d3 48. a6 d2 49. a7 d1=Q 50. a8=Q Qxb3+ 51. Kg4 Qe6+ 52. Kxg5 Qe5+
53. Kg4 Qe6+ 54. Kf4 Qf6+ 1/2-1/2

[Event "Barbera del Valles"]
[Site "XXXI Open del Valles"]
[Date "2008.07.12"]
[Round "8"]
[White "Canal Oliveras, Joan"]
[Black "Perpinya Rofes, Lluis Maria"]
[Result "1-0"]
[WhiteElo "2241"]
[BlackElo "2385"]
[PlyCount "137"]
[EventDate "2008.07.??"]
[EventType "swiss"]
[EventRounds "9"]
[EventCountry "ESP"]

1. e4 c5 2. c3 Nf6 3. e5 Nd5 4. d4 cxd4 5. Bc4 Qc7 6. Qe2 Nb6 7. Bd3 Nc6 8. Nf3
d5 9. exd6 Qxd6 10. Nxd4 Nxd4 11. cxd4 e6 12. Nc3 Be7 13. O-O O-O 14. Be3 Nd5
15. Rac1 b6 16. Nxd5 Qxd5 17. Qf3 Qxf3 18. gxf3 Bd6 19. Be4 Ba6 20. Bxa8 Bxf1
21. Kxf1 Rxa8 22. Ke2 Kf8 23. Kd3 Ke7 24. h3 h6 25. Kc4 a6 26. Kd3 b5 27. Bd2
Kd7 28. Rg1 g5 29. f4 f6 30. fxg5 hxg5 31. h4 gxh4 32. Rg7+ Kc6 33. Rh7 Rg8 34.
Rxh4 Rg2 35. Ke3 Kd5 36. Rh8 Rg4 37. Ra8 Re4+ 38. Kf3 Rxd4 39. Bc3 Rf4+ 40. Ke2
Ra4 41. a3 e5 42. Rd8 Ke6 43. Re8+ Kd5 44. Rd8 Ke6 45. Re8+ Kf5 46. Rd8 Bc5 47.
Rc8 Rc4 48. Rc6 Bd4 49. Rxa6 Bxc3 50. bxc3 Rxc3 51. Rb6 Rb3 52. Kd2 Rb2+ 53.
Ke3 Rb3+ 54. Kd2 Ke4 55. Rxf6 Rxa3 56. Rb6 Rb3 57. Kc2 Rb4 58. Kc3 Rc4+ 59. Kd2
Rc5 60. Rb8 Kd4 61. Rb7 Kc4 62. Kc2 b4 63. Rb8 Rb5 64. Rc8+ Kd4 65. Kb3 Ke4 66.
Rf8 Kd3 67. Rf5 Ke2 68. f4 Rd5 69. Rxe5+ 1-0

[Event "Barbera del Valles"]
[Site "XXXI Open del Valles"]
[Date "2008.07.12"]
[Round "8"]
[White "Ravot, Sylvain"]
[Black "Vilela, Jose Luis"]
[Result "0-1"]
[WhiteElo "2236"]
[BlackElo "2347"]
[PlyCount "90"]
[EventDate "2008.07.??"]
[EventType "swiss"]
[EventRounds "9"]
[EventCountry "ESP"]

1. e4 c5 2. Nf3 e6 3. d4 cxd4 4. Nxd4 a6 5. Be2 Nf6 6. Nc3 Qc7 7. O-O Bc5 8.
Be3 O-O 9. Qd3 d6 10. Rad1 Nbd7 11. f4 b5 12. Bf3 Bb7 13. Kh1 Rac8 14. Nce2 Bb6
15. b4 Qc4 16. a3 g6 17. Ng3 e5 18. fxe5 Qxd3 19. Rxd3 dxe5 20. Nb3 Bxe3 21.
Rxe3 Rxc2 22. Bd1 Rc7 23. Na5 Ba8 24. Bb3 Kg7 25. h3 h5 26. h4 Ng4 27. Rd3 Ndf6
28. Rd6 Nxe4 29. Nxe4 Bxe4 30. Re1 Rfc8 31. Kg1 Rc1 32. Rdd1 Rxd1 33. Bxd1 Rc1
34. Nb3 Rxd1 35. Rxd1 Bc2 36. Rd6 Bxb3 37. Rxa6 e4 38. Kf1 Bc4+ 39. Ke1 Ne3 40.
g3 Nf5 41. a4 bxa4 42. Rxa4 Nxg3 43. Ra5 Nf5 44. Re5 e3 45. Re4 Bd3 0-1

[Event "Barbera del Valles"]
[Site "XXXI Open del Valles"]
[Date "2008.07.12"]
[Round "8"]
[White "Hernandez Casillas, Joan Josep"]
[Black "Guramishvili, Sopiko"]
[Result "0-1"]
[WhiteElo "2150"]
[BlackElo "2302"]
[PlyCount "58"]
[EventDate "2008.07.??"]
[EventType "swiss"]
[EventRounds "9"]
[EventCountry "ESP"]

1. d4 d5 2. c4 c6 3. Nc3 dxc4 4. a4 e5 5. dxe5 Qxd1+ 6. Kxd1 Be6 7. e4 Na6 8.
Be3 O-O-O+ 9. Kc2 Bc5 10. Bxc5 Nxc5 11. f4 f5 12. exf6 Nxf6 13. Re1 Nfxe4 14.
Nxe4 Bf5 15. Nf3 Bxe4+ 16. Kc3 Bxf3 17. gxf3 Nxa4+ 18. Kc2 Nb6 19. Re7 g6 20.
h4 Nd5 21. Re4 b5 22. h5 gxh5 23. f5 Rd6 24. Re5 Rhd8 25. Bh3 Nb4+ 26. Kc3 a5
27. b3 Rd3+ 28. Kb2 Rxb3+ 29. Ka1 Rd2 0-1

[Event "Barbera del Valles"]
[Site "XXXI Open del Valles"]
[Date "2008.07.12"]
[Round "8"]
[White "Tsatsalashvili, Keti"]
[Black "Leroy, Christophe"]
[Result "1-0"]
[WhiteElo "2271"]
[BlackElo "2157"]
[PlyCount "139"]
[EventDate "2008.07.??"]
[EventType "swiss"]
[EventRounds "9"]
[EventCountry "ESP"]
[SourceDate "2008.07.04"]

1. d4 Nf6 2. c4 g6 3. Nc3 Bg7 4. e4 d6 5. Nf3 O-O 6. h3 e5 7. d5 a5 8. Bg5 Na6
9. Nd2 Qe8 10. Be2 Kh8 11. h4 Ng8 12. h5 f5 13. Bh4 Bf6 14. Nf3 Bxh4 15. Nxh4
g5 16. Nxf5 Bxf5 17. exf5 Rxf5 18. Bd3 Rf8 19. Ne4 h6 20. Ng3 Ne7 21. O-O Nc5
22. Bc2 Rf4 23. b3 Qf7 24. Qe2 Rf8 25. a3 Qg7 $11 26. Rab1 Qf7 27. Qd2 b6 28.
Rbe1 Qg7 29. Re3 Qf7 30. Bd1 Qf6 31. b4 Nb7 32. Ne4 Qg7 33. g3 R4f7 34. Bg4 Nf5
35. Bxf5 Rxf5 36. g4 Rf4 37. f3 Qd7 38. Qc3 Qa4 39. Kg2 axb4 40. axb4 Ra8 41.
Rf2 Qa1 42. Qxa1 Rxa1 43. Rc3 Rb1 44. Ra3 Rxb4 45. Ra8+ Kg7 46. Ra7 Nc5 47.
Rxc7+ Kg8 48. Nxd6 e4 49. Rc8+ Kh7 50. Rc7+ Kg8 51. Nf5 exf3+ 52. Kh3 Rb3 53.
Ng3 Rd3 54. Rc8+ Kh7 55. Re8 Rdd4 56. Ra2 Rf7 57. Nf5 Rd3 58. Rf2 Rc3 59. Kg3
Rxc4 60. Rxf3 Ne4+ 61. Kh3 Ra4 62. Re6 Rf6 63. Re7+ Kg8 64. Rb7 Nc5 65. Rb8+
Kh7 66. d6 Nd7 67. Rb7 Rf7 68. Re3 Ra8 69. Re7 Ra3+ 70. Ng3 1-0

[Event "Barbera del Valles"]
[Site "XXXI Open del Valles"]
[Date "2008.07.12"]
[Round "8"]
[White "Sadrija, Enver"]
[Black "Ryan, Joseph"]
[Result "0-1"]
[WhiteElo "2265"]
[BlackElo "2331"]
[PlyCount "104"]
[EventDate "2008.07.??"]
[EventType "swiss"]
[EventRounds "9"]
[EventCountry "ESP"]
[SourceDate "2008.07.04"]

1. d4 Nf6 2. Nf3 c5 3. d5 d6 4. g3 g6 5. Bg2 Bg7 6. O-O O-O 7. Re1 Bf5 8. Nbd2
Bg4 9. h3 Bxf3 10. exf3 Nbd7 11. f4 Re8 12. c3 b5 13. Qf3 c4 14. Nf1 Nc5 15.
Be3 Nd3 16. Re2 Nd7 17. h4 a5 18. Rd1 b4 19. Bd4 bxc3 20. bxc3 Rb8 21. Ne3 Bxd4
22. cxd4 Nb2 23. Rc1 Qc7 24. h5 c3 25. Ng4 Qc4 26. Rxc3 Qxd4 27. hxg6 hxg6 28.
f5 Nf6 29. Nxf6+ Qxf6 30. fxg6 Qxg6 31. Re4 Rb4 32. Qe2 Na4 33. Rcc4 f5 34.
Rxb4 axb4 35. Re6 Qf7 36. Bf3 Nc3 37. Qd2 f4 38. Qd3 Ra8 39. Rg6+ Kf8 40. Bh5
Qxd5 41. Qxd5 Nxd5 42. Bf3 Ra5 43. gxf4 Nc3 44. Rh6 Kg7 45. Re6 Kf7 46. Bg4
Rxa2 47. f5 b3 48. f6 exf6 49. Rxd6 Ra1+ 50. Kg2 b2 51. Bf5 b1=Q 52. Rd7+ Ke8
0-1

[Event "Barbera del Valles"]
[Site "XXXI Open del Valles"]
[Date "2008.07.12"]
[Round "8"]
[White "Obon Temprano, Sergi"]
[Black "Lasinskas, Povilas"]
[Result "1-0"]
[WhiteElo "2211"]
[BlackElo "2269"]
[PlyCount "67"]
[EventDate "2008.07.??"]
[EventType "swiss"]
[EventRounds "9"]
[EventCountry "ESP"]
[SourceDate "2008.07.04"]

1. Nc3 c5 2. Nf3 a6 3. d4 cxd4 4. Nxd4 e6 5. g3 Nc6 6. Bg2 Qc7 7. O-O Nf6 8.
Kh1 b5 9. Bf4 Qb6 10. Nxc6 dxc6 11. a4 Bb7 12. a5 Qa7 13. e4 c5 14. Qe2 Be7 15.
Rfd1 O-O 16. e5 Nd7 17. Ne4 Bxe4 18. Bxe4 Rad8 19. Qh5 g6 20. Qh6 Qc7 21. h4
Nxe5 22. h5 Bf6 23. hxg6 fxg6 24. Kg2 Rxd1 25. Rxd1 Qe7 26. Qh3 Nf7 27. Bc6 Bg5
28. Rd7 Qf6 29. Bd6 Re8 30. Bxc5 Rc8 31. Bd4 e5 32. Bd5 Rf8 33. Bc5 e4 34. Bxf8
1-0

[Event "Barbera del Valles"]
[Site "XXXI Open del Valles"]
[Date "2008.07.12"]
[Round "8"]
[White "Chalmeta Ugas, Ramon"]
[Black "Capellades Subirana, Marc"]
[Result "1/2-1/2"]
[WhiteElo "2175"]
[BlackElo "2265"]
[PlyCount "46"]
[EventDate "2008.07.??"]
[EventType "swiss"]
[EventRounds "9"]
[EventCountry "ESP"]
[SourceDate "2008.07.04"]

1. e4 e5 2. Nf3 Nc6 3. d4 exd4 4. Nxd4 Qf6 5. Nb5 Bc5 6. Qe2 Qd8 7. Be3 Bxe3 8.
Qxe3 a6 9. Nd4 Nge7 10. Nc3 O-O 11. O-O-O b5 12. f4 d6 13. Nxc6 Nxc6 14. e5 f5
15. exd6 cxd6 16. Qd3 Bb7 17. Qxd6 Qb6 18. Be2 Kh8 19. Bf3 Rad8 20. Qe6 Rde8
21. Qd6 Rd8 22. Qe6 Rde8 23. Qd6 Rd8 1/2-1/2

[Event "Barbera del Valles"]
[Site "XXXI Open del Valles"]
[Date "2008.07.12"]
[Round "8"]
[White "Mestre Bellido, Hector"]
[Black "Pellus Ruiz, Josep"]
[Result "1/2-1/2"]
[WhiteElo "2284"]
[BlackElo "2219"]
[PlyCount "45"]
[EventDate "2008.07.??"]
[EventType "swiss"]
[EventRounds "9"]
[EventCountry "ESP"]
[SourceDate "2008.07.04"]

1. e4 c5 2. Nf3 e6 3. d4 cxd4 4. Nxd4 a6 5. c4 Nf6 6. Nc3 Qc7 7. Bd3 d6 8. O-O
Nbd7 9. b3 Be7 10. Bb2 O-O 11. Qe2 b6 12. Kh1 Bb7 13. f4 Rfe8 14. Rae1 Nf8 15.
Bb1 Rad8 16. e5 dxe5 17. fxe5 Rxd4 18. Nb5 axb5 19. Bxd4 N6d7 20. cxb5 f5 21.
exf6 Bxf6 22. Qh5 Rd8 23. Bxf6 1/2-1/2

[Event "Barbera del Valles"]
[Site "XXXI Open del Valles"]
[Date "2008.07.12"]
[Round "8"]
[White "Butuc, Maria"]
[Black "Alonso Moyano, Jonathan"]
[Result "0-1"]
[WhiteElo "2188"]
[BlackElo "2372"]
[PlyCount "104"]
[EventDate "2008.07.??"]
[EventType "swiss"]
[EventRounds "9"]
[EventCountry "ESP"]
[SourceDate "2008.07.04"]

1. e4 c5 2. Nf3 d6 3. d4 Nf6 4. dxc5 Nxe4 5. cxd6 Nc6 6. Bd3 Nxd6 7. Nc3 g6 8.
O-O Bg7 9. Re1 O-O 10. Bf4 Bg4 11. h3 Bxf3 12. Qxf3 e5 13. Be3 Qh4 14. Ne4 Nxe4
15. Qxe4 Qe7 16. f4 f5 17. Qd5+ Kh8 18. Bc5 Qd8 19. Bc4 Re8 20. Qxd8 Rexd8 21.
fxe5 Nxe5 22. Bb3 Nc6 23. c3 Rd2 24. Ba3 Bf8 25. Bxf8 Rxf8 26. Rad1 Rfd8 27.
Re8+ Kg7 28. Rxd8 Rxd8 29. Rxd8 Nxd8 30. Kf2 Kf6 31. Ke3 Ke5 32. Bc4 g5 33. Bg8
h6 34. Bb3 b6 35. Bc2 Ne6 36. Bd3 Nf4 37. Bf1 Nd5+ 38. Kf3 h5 39. Bd3 g4+ 40.
hxg4 hxg4+ 41. Kf2 Nf4 42. Bc2 Ne6 43. Ke3 Nf4 44. Kf2 Ne6 45. Ke3 f4+ 46. Kf2
Ng5 47. Bd1 g3+ 48. Ke2 f3+ 49. gxf3 Kf4 50. c4 Nxf3 51. Kf1 Nd2+ 52. Kg2 Nxc4
0-1

[Event "Barbera del Valles"]
[Site "XXXI Open del Valles"]
[Date "2008.07.12"]
[Round "8"]
[White "Vigo Allepuz, David"]
[Black "Avila Jimenez, Javier"]
[Result "0-1"]
[WhiteElo "2156"]
[BlackElo "2286"]
[PlyCount "162"]
[EventDate "2008.07.??"]
[EventType "swiss"]
[EventRounds "9"]
[EventCountry "ESP"]
[SourceDate "2008.07.04"]

1. d4 Nf6 2. c4 e5 3. dxe5 Ng4 4. Nf3 Bc5 5. e3 Nc6 6. Be2 O-O 7. O-O Re8 8. b3
Ngxe5 9. Bb2 a5 10. Nc3 Nxf3+ 11. Bxf3 Ne5 12. Be4 Ra6 13. Na4 Bf8 14. Qc2 Rh6
15. h3 Qh4 16. f4 Nc6 17. Rf3 Nb4 18. Qb1 Rhe6 19. Nc3 Na6 20. g3 Qh6 21. Bd5
Rxe3 22. Qf5 R3e7 23. Re3 Qb6 24. c5 Qxc5 25. Rae1 Kh8 26. Ne4 d6 27. Nxc5 Bxf5
28. Rxe7 Rxe7 29. Rxe7 Bxe7 30. Nxa6 bxa6 31. Bxf7 Bf6 32. Bxf6 gxf6 33. g4 Bb1
34. a3 Ba2 35. a4 Kg7 36. Bd5 Kf8 37. Kf2 Ke7 38. Ke3 Kd7 39. Kd2 Bb1 40. h4 c6
41. Bc4 d5 42. Bxa6 c5 43. g5 Ke7 44. Be2 Ke6 45. Bg4+ Bf5 46. Be2 Bh3 47. Bd3
Bf5 48. Ba6 Kf7 49. Bb7 d4 50. Bf3 Kg6 51. Bd1 Be4 52. Bg4 fxg5 53. hxg5 Bf5
54. Be2 h6 55. gxh6 Kxh6 56. Ke1 Bc2 57. Bc4 Kg6 58. Kd2 Be4 59. Be6 Kf6 60.
Bg4 Bd5 61. Kc2 Be6 62. Be2 Kf5 63. b4 axb4 64. a5 Kxf4 65. a6 Ke3 66. Bb5 Bd5
67. a7 Ba8 68. Bc4 Bb7 69. Ba6 Be4+ 70. Kb3 d3 71. Bc8 Bd5+ 72. Ka4 Kd4 73. Be6
Bc6+ 74. Kb3 Ba8 75. Bg4 Bd5+ 76. Ka4 Kc3 77. Kb5 b3 78. Kxc5 Ba8 79. Bd7 d2
80. Bc6 Bxc6 81. Kxc6 d1=Q 0-1

[Event "Barbera del Valles"]
[Site "XXXI Open del Valles"]
[Date "2008.07.12"]
[Round "8"]
[White "Leks, Hanna"]
[Black "Danelia, Mariam"]
[Result "1-0"]
[WhiteElo "2198"]
[BlackElo "2185"]
[PlyCount "73"]
[EventDate "2008.07.??"]
[EventType "swiss"]
[EventRounds "9"]
[EventCountry "ESP"]
[SourceDate "2008.07.04"]

1. e4 c5 2. Nf3 d6 3. d4 cxd4 4. Nxd4 Nf6 5. f3 e5 6. Nb3 Be6 7. c4 Nbd7 8. Be3
Rc8 9. Nc3 Bxc4 10. Bxc4 Rxc4 11. Qd3 Rc6 12. Bxa7 Be7 13. O-O O-O 14. Be3 Qa8
15. a4 Nc5 16. Bxc5 dxc5 17. Nd2 Rd8 18. Qe2 Qc8 19. Nc4 Qe6 20. Rfd1 Rd4 21.
b3 Rc8 22. Nb5 Rxd1+ 23. Rxd1 Ne8 24. Rd5 f6 25. Qd3 Nc7 26. Rd7 Nxb5 27. axb5
Kf8 28. Rxb7 Rd8 29. Qc2 Ra8 30. Qd2 Rd8 31. Qa5 f5 32. Qa6 Qf7 33. Qb6 Rd1+
34. Kf2 g5 35. Qh6+ Kg8 36. Rb8+ Bf8 37. Qxg5+ 1-0